000 00419cam a2200181ua 4500
020 _c3.00
041 _ahin
_h
082 _a891.54
_bAMR/RA
100 _aAmrita Pritam, .
245 _aRang ka patta /
_cAmrita pritam.
_hTextual Documents
250 _a1 /
_b.
260 _a :
_bRajpal and Sanch ,
_c1962.
300 _a139 ; .
365 _a3.00
504 _a
942 _cBK
999 _c6443
_d6443